| 000 | 00498nam a22001817a 4500 | ||
|---|---|---|---|
| 003 | CEME | ||
| 005 | 20210628205656.0 | ||
| 008 | 210312b xxu||||| |||| 00| 0 eng d | ||
| 020 | _a969-35-0821-1 | ||
| 040 | _c. | ||
| 082 | _a507 DRA | ||
| 100 |
_aMujahid Khan Shabbir Hussain, S _976588 |
||
| 245 | _aDr.a.q.khan on science and education | ||
| 260 |
_aLAHORE _bSANG-E-MEEL _c1997 |
||
| 300 | _a267P | ||
| 650 |
_aSCIENCE EDUCATION A.Q.KHAN ON SCIENCE AND EDUCATION _976589 |
||
| 942 |
_cBK _2ddc |
||
| 999 |
_c581949 _d581949 |
||